[Event "4th Staunton Mem"]
[Site "London/Crowthorne ENG"]
[Date "2006.08.24"]
[Round "10"]
[White "Werle, J."]
[Black "Bosboom Lanchava, T."]
[Result "1-0"]
[WhiteElo "2531"]
[BlackElo "2389"]
[PlyCount "83"]
[EventDate "2006.08.14"]

1. e4 g6 2. d4 Bg7 3. Nc3 c6 4. Be3 b5 5. Qd2 d6 6. Bd3 Nd7 7. Nf3 a6 8. a4 b4
9. Ne2 c5 10. O-O Qc7 11. c3 c4 12. Bb1 b3 13. Ng3 h6 14. h3 Bb7 15. a5 e6 16.
Bf4 Ne7 17. Ra4 Qc6 18. Rb4 d5 19. Ne5 Nxe5 20. Bxe5 Bxe5 21. dxe5 Qc7 22. Rb6
O-O-O 23. Qf4 Nc6 24. exd5 exd5 25. Ne2 Nxe5 26. Rf6 Rhe8 27. Nd4 Re7 28. Qxh6
Qxa5 29. Qg5 Rde8 30. Qd2 Qc5 31. h4 Nd7 32. Rf3 Qd6 33. Rh3 Re5 34. h5 Rh8 35.
hxg6 Rxh3 36. gxh3 fxg6 37. f4 Rh5 38. Qg2 Nf8 39. f5 Qe5 40. fxg6 Qe3+ 41. Kh2
Qe5+ 42. Kh1 1-0

[Event "4th Staunton Mem"]
[Site "London/Crowthorne ENG"]
[Date "2006.08.25"]
[Round "11"]
[White "Levitt, J."]
[Black "Howell, D."]
[Result "0-1"]
[WhiteElo "2431"]
[BlackElo "2479"]
[PlyCount "76"]
[EventDate "2006.08.14"]

1. d4 b5 2. e4 Bb7 3. f3 a6 4. a4 b4 5. c4 e5 6. Ne2 f5 7. exf5 Qh4+ 8. g3 Qf6
9. d5 Qxf5 10. Nd2 Nf6 11. h4 c6 12. dxc6 Nxc6 13. Bh3 Qd3 14. Qb3 Qg6 15. Qe3
Be7 16. O-O Nd4 17. Kh2 Nc2 18. Qxe5 d6 19. Qa5 Bd8 20. Qg5 Qxg5 21. hxg5 Nxa1
22. gxf6 Bxf6 23. Bf5 O-O 24. Bd3 Be5 25. f4 Bf6 26. g4 g6 27. Ng3 d5 28. g5
Bg7 29. f5 gxf5 30. Nxf5 Be5+ 31. Kg1 Kh8 32. c5 Rae8 33. Nf3 Nb3 34. Nxe5 Rxe5
35. Bf4 Rexf5 36. Be5+ Rxe5 37. Rxf8+ Kg7 38. Rb8 Nxc5 0-1

[Event "4th Staunton Mem"]
[Site "London/Crowthorne ENG"]
[Date "2006.08.25"]
[Round "11"]
[White "Day, L."]
[Black "Visser, Y."]
[Result "0-1"]
[WhiteElo "2278"]
[BlackElo "2516"]
[PlyCount "72"]
[EventDate "2006.08.14"]

1. Nf3 Nf6 2. d4 g6 3. Bf4 Bg7 4. e3 O-O 5. Be2 d6 6. h3 c5 7. c3 Be6 8. dxc5
dxc5 9. Qxd8 Rxd8 10. O-O Nc6 11. Nbd2 h6 12. e4 Nd7 13. Rfd1 Rac8 14. Nb3 g5
15. Be3 b6 16. h4 g4 17. Nh2 Nde5 18. Nd2 Kh7 19. a3 h5 20. f3 gxf3 21. Ndxf3
Bc4 22. Re1 Kg6 23. Nxe5+ Nxe5 24. Nf3 Bd3 25. Bg5 Bxe2 26. Rxe2 Rd7 27. Nxe5+
Bxe5 28. Rf1 Rcd8 29. Bf4 Bxf4 30. Rxf4 Rd1+ 31. Rf1 R8d2 32. Rxd2 Rxd2 33. Rf2
Rd1+ 34. Rf1 Rxf1+ 35. Kxf1 f5 36. exf5+ Kxf5 0-1